000 00563cam a2200193 4500
001 D6365
008 090401t1985 xxu||||| |||| 00| 0 eng d
035 _a(Sirsi) u413
041 _aeng
050 _a692.5096
100 _aKing, R.J.
245 _aConstruction cost management: the role of the quantity surveyor
260 _aLondon
_bCommonwealth Association of Surveying an
_c1985
300 _a31p. 21cm
350 _a0
520 _aReport on visits to Tanzania, Zambia, Zimbabwe, Botswana, Lesotho and Swaziland
942 _n0
948 _c04/03/1997
999 _c85555
_d85555